000 02970nam a2200349 4500
001 18
003 OSt
005 20250528074009.0
008 250120b |||||||e |||| 00| 1 eng d
020 _a8528608131
040 _bpor
041 _hspa
_apor
082 _ach860
_bA432r
100 _aAllende, Isabel
_d1942-
_929
240 _aRetrato en Sepia
245 _aRetrato em sépia /
_cAllende, Isabel ; Tradução de Mario Pontes
260 _aRio de Janeiro
_bBertrand Brasil
_c2001
300 _a420 p.
490 1 _aTrilogia: A casa dos Espiritos
_vparte 03
500 _aContinuação de : Filha da Fortuna
520 _a" Vivo entre difusos matizes, veludos mistérios, incertezas; o tom adequado para contar minha vida se ajusta melhor ao de um retrato em sépia..." Através das palavras finais da narrativa de Retrato em Sépia, o mais recente livro de Isabel Allende, compreendemos a verdadeira dimensão da história de Aurora del Valle (neta de Eliza Sommers, protagonista de Filha da Fortuna). Juntando recordações ilusórias e os fios evasivos de personagens que passaram pelo seu destino, a protagonista procura entender o seu passado. A narrativa, que dá seqüência ao romance Filha da Fortuna, começa em 1862, transcorrendo até 1896. Órfã de mãe, durante o parto, Aurora del Valle nasceu no bairro de Chinatown, em San Francisco, em 1880, e foi criada pela enérgica e austera avó Paulina Del Valle. Enovelada com os segredos de família, a protagonista cresce em um ambiente privilegiado, livre de muitas das limitações que oprimiam as mulheres de sua época, mas, infelizmente, vive atormentada por horríveis pesadelos. Retrato em Sépia destaca-se como romance histórico, onde a memória constitui o tema central. Nesta atraente saga familiar, o leitor, reencontrará no decorrer da leitura, alguns dos personagens de Filha da Fortuna e de A Casa dos Espíritos. A AUTORA Isabel Allende, embora de nacionalidade chilena, nasceu em Lima, capital peruana, em 1942. Aos dezessete anos inicia uma intensa carreira como jornalista e escritora. Em 1982, Isabel Allende publica ACasa dos Espíritos, que imediatamente a consagraria como uma das mais brilhantes escritoras da língua espanhola e a colocaria no rol dos escritores latino-americanos mais traduzidos. A fulgurante carreira literária de Isabel Allende prosseguiu com De Amor e de Sombra, Eva Luna, O Plano Infinito, Paula, Cartas a Paula, Contos de Eva Luna, Afrodite e Filha da Fortuna, todos publicados pela Bertrand Brasil. Atualmente a autora reside nos Estados Unidos, em Sausalito, Califórnia, com o marido William Gordon.
650 0 _aLiteratura Chilena
_988
650 0 _aDrama
_918
650 0 _aAmor e Paixão
_925
650 0 _aÉpoca
_931
650 0 _aEmponderamento
_932
655 0 _aRomance
_923
655 0 _aFicção
_922
700 _aMario Pontes
_eTradutor
_937
830 _aTrilogia: A casa dos Espiritos
_939
_vparte 03
942 _2ddc
_n0
_cBK
999 _c18
_d18